La Rus, Russie!: Poèmes et petites histoires

Gespeichert in:
Bibliographische Detailangaben
1. Verfasser: Bille, Corinna
Format: Buch
Sprache:Undetermined
Veröffentlicht: Lausanne, Suiza Editions Empreintes 1995
Schlagworte:
Tags: Tag hinzufügen
Keine Tags, Fügen Sie den ersten Tag hinzu!

MARC

LEADER 00000nam a2200000Ia 4500
008 170316s9999 xx 000 0 und d
090 |a 800-S B-2r 
100 |a Bille, Corinna 
245 |a La Rus, Russie!: Poèmes et petites histoires 
260 |a Lausanne, Suiza 
260 |b Editions Empreintes 
260 |c 1995 
300 |a 101 páginas 
650 |a OTRAS LITERATURAS 
650 |a LITERATURA SUIZA 
650 |a EN IDIOMA FRANCÉS 
650 |a POEMAS 
999 |c 19979  |d 19979 
040 |a cru BVZT 
942 |c 15 D  |h 800-S B-2r  |2 z